Statistics for Comma Quiz

Click here to take the quiz!

General Stats

  • This quiz has been taken 23 times
  • The average score is 12 of 13

Answer Stats

SentenceComma(s) after:% Correct
Skiing is fun yet risky.fun
100%
Pounding firmly with his gavel the judge called the court to order.gavel
100%
From the bottom of the hill I saw my dog that had been lost for days.hill
100%
Sadly no one offered to assist him.Sadly
100%
Before the concert started the principal made a few announcements.started
100%
Hand me the book on the table not the one on the floor.table
100%
He had hoped the hike would be easy yet he found the opposite to be true.easy
95%
You may stay for a while longer; however you must be home by 9:00 PM.however
95%
I would like to know Mr. Johnson if you plan to go with us.know, Johnson
86%
You are to mow the lawn rake the leaves and wash the car.lawn, leaves
86%
Your responsibility cleaning the grill must be done before closing.responsibility, grill
86%
All the class I suppose plans to be there.class, suppose
82%
You may however buy the less expensive jacket.may, however
82%

Score Distribution

Percentile by Number Answered

Percent of People with Each Score

Your Score History

You have not taken this quiz